A Careful writer (Бичлэгийн дугаар. 146847)
| 000 -УДИРДЛАГА | |
|---|---|
| Удирдлага | 00626nam a22002297a 4500 |
| 003 - ХЯНАЛТЫН ТОО ТОДОРХОЙЛОГЧ | |
| Код | MN-UlNUM |
| 005 - БИЧИЛТ ХИЙСЭН ОГНОО | |
| Тухайн бичилтийг бичсэн засварласан сүүлийн огноо | 20260401191701.0 |
| 008 - ЕРӨНХИЙ МЭДЭЭЛЭЛ | |
| Ерөнхий мэдээлэл | 260401s1976 mau || 001 0 eng d |
| 020 ## - ISBN | |
| ISBN | 0891872868 |
| 040 ## - БИЧЛЭГ ҮҮСГЭГЧ БАЙГУУЛЛАГА | |
| Бичлэг үүсгэгч номын сангийн код | МУИС-ийн номын сан |
| 084 ## - ББК АНГИЛАЛ | |
| Нэмэлт тусгалт | Нэг сэдэвт бүтээл |
| ББК ангилал | 81.2-5 |
| Зохиогчийн гурван тэмдэгт | F 40 |
| Мэдлэгийн ялгаа | 81 - Хэл шинжлэл |
| 100 ## - ЗОХИОГЧ | |
| Зохиогчийн нэр | Ferguson, Bess |
| 245 ## - ҮНДСЭН ГАРЧИГ | |
| Номын нэр | A Careful writer |
| Бага гарчгийн мэдээ | Lessons for better writing: Specific Steps to Reach Readers with clear writing |
| 260 ## - ГАРАЛТЫН МЭДЭЭ | |
| Хэвлэгдсэн газар | North Billerica |
| Хэвлэлийн газар | Curriculum associates, inc |
| Хэвлэгдсэн он | 1976 |
| 300 ## - МАТЕРИАЛЫН ТОДОРХОЙЛОЛТ | |
| хуудасны тоо | 117 p. |
| 500 ## - Тайлбар | |
| Дансны дугаар | БС 4456 |
| 546 ## - ХЭЛНИЙ ТУХАЙ МЭДЭЭ | |
| Хэл | Англи хэл дээр, |
| 653 ## - Түлхүүр үг | |
| Түлхүүр үг | writing |
| 653 ## - Түлхүүр үг | |
| Түлхүүр үг | readers |
| 942 ## - ЭЛЕМЕНТИЙН ТӨРӨЛ | |
| Зүйлийн төрөл | Ном |
